| 000 | 01693nam a2200469 i 4500 | ||
|---|---|---|---|
| 001 | DIGCGODT0040 | ||
| 003 | NyNyDIG | ||
| 008 | 200607s2015 ag o 000 0 spa d | ||
| 006 | m o d | ||
| 007 | cr ||||||||||| | ||
| 035 | _a(OCoLC)1164062280 | ||
| 040 |
_aDGITA _beng _erda _epn _cDGITA |
||
| 020 |
_a9789873847196 _qeBook _qePub |
||
| 020 |
_a9873847197 _qeBook _qePub |
||
| 020 | _z9789873847028 | ||
| 020 | _z9873847022 | ||
| 041 | 1 |
_aspa _hchi |
|
| 043 | _aa-cc--- | ||
| 050 | 1 | 4 | _aDS778.M3 ebook |
| 082 | 0 | 4 |
_a951.05 _a335.4345 |
| 100 | 1 |
_aMao, Zedong, _d1893-1976, _eauthor. |
|
| 240 | 1 | 0 |
_aWorks. _kSelections. _lSpanish _s(Ediciones Godot) |
| 245 | 1 | 0 |
_aArte, literatura y revolución / _cMao Tse Tung. |
| 250 | _aPrimera edición. | ||
| 264 | 1 |
_aBuenos Aires, Argentina : _bEdiciones Godot _c[2015] |
|
| 300 | _a1 online resource. | ||
| 336 |
_atext _btxt _2rdacontent |
||
| 337 |
_acomputer _bc _2rdamedia |
||
| 338 |
_aonline resource _bcr _2rdacarrier |
||
| 347 |
_atext file _2rdaft |
||
| 347 | _bEPUB | ||
| 504 | _aIncludes bibliographical references. | ||
| 588 | 0 | _aOnline resource; title from ePub title page (Digitalia, viewed June 15, 2020) | |
| 650 | 0 |
_aCommunism _zChina. |
|
| 655 | 0 | _aElectronic books. | |
| 791 | 2 |
_aDigitalia (Firm), _edistributor. |
|
| 793 | 0 |
_gDigitalia eBook Collection: _aEdiciones Godot |
|
| 776 | 0 | 8 |
_iPrint version: _aMao, Zedong, 1893-1976. _sWorks. Selections. Spanish. _tArte, literatura y revolución. _bPrimera edición. _dBuenos Aires : Ediciones Godot, 2015 _z9789873847028 |
| 856 | 4 | 0 |
_3Digitalia Hispánica _uhttps://www.digitaliapublishing.com/a/38466/ |
| 910 | _aPremium collection: 2020 | ||
| 942 | _cRAA | ||
| 999 |
_c244376 _d244376 |
||